000 00603nam a2200229Ia 4500
003 OSt
005 20220924143139.0
006 a|||||r|||| 00| 0
007 ta
008 220923b |||||||| |||| 00| 0 ara d
024 _a306942
037 _cTextual
040 _aARTS
_cARTS
_bara
041 _2ara
_aara
082 _aO28v467.N2, K0.1
100 _aAzawi Abbas Au.
_9214922
245 0 _aTareekh al - Adabul arbi fi Al - Iraq
260 _c1960
650 _aARABIC LITERATURE
942 _hO28v467.N2, K0.1
_cTEXL
_2CC
999 _c453385
_d453385